Phèanomenologie und menschliche Existenz / (Record no. 126097)

MARC details
000 -LEADER
campo de control de longitud fija 00432nam a2200157 4500
001 - NÚMERO DE CONTROL
campo de control 126097
003 - IDENTIFICADOR DE NÚMERO DE CONTROL
campo de control ES-MaACL
005 - FECHA Y HORA DE LA ÚLTIMA TRANSACCIÓN
campo de control 20230906192744.0
007 - CAMPO FIJO DE DESCRIPCIÓN FÍSICA--INFORMACIÓN GENERAL
campo de control de longitud fija t|
008 - DATOS DE LONGITUD FIJA--INFORMACIÓN GENERAL
campo de control de longitud fija 070214s1931 gw r ||||1| ger d
100 1# - ENTRADA PRINCIPAL--NOMBRE DE PERSONA
Nombre de persona Reiner, Hans.
9 (RLIN) 96046
245 10 - MENCIÓN DEL TÍTULO
Título Phèanomenologie und menschliche Existenz /
Mención de responsabilidad, etc. Hans Reiner.
260 ## - PUBLICACIÓN, DISTRIBUCIÓN, ETC.
Lugar de publicación, distribución, etc. Halle :
Nombre del editor, distribuidor, etc. Max Niemeyer,
Fecha de publicación, distribución, etc. 1931.
300 ## - DESCRIPCIÓN FÍSICA
Extensión VI, 26 p. ;
Dimensiones 22 x 14 cm.
852 ## - LOCALIZACIÓN
Ubicación ES-MaACL
Número de control de estantería 1783-F-29
Holdings
Estatus retirado Estado de pérdida Estado de daño No para préstamo Colección Biblioteca de origen Biblioteca actual Ubicación en estantería Fecha de adquisición Fuente de adquisición Total de préstamos Signatura topográfica completa Código de barras Visto por última vez Precio de reemplazo Tipo de ítem Koha
        Colección de folletos Biblioteca del Ateneo de Madrid Biblioteca del Ateneo de Madrid Depósito folletos 17/01/2008     1783-F-29 1131345 23/02/2023 23/02/2023 Folleto